• 首页
  • 本馆介绍
  • 公告通知
  • 最新文献
  • 馆藏检索
  • 电子资源
  • 读者导购
  • 参考咨询
  • 我的图书馆
  • 登录
  • 详细信息显示
  • 放入我的书架
  • 预约/预借图书
  • 作者相关作品
  • 分类相关作品
  • 丛书相关作品
  • 出版社相关作品

书目信息

  • 表格格式
  • 工作单格式
  • 卡片格式
题名:
昔阳速写
    
 
作者: ;昔阳县文化馆 绘 ;昔阳社员业余美术编辑组 编
分册:  
出版信息: 北京   人民美术出版社  1975
页数: 42页
开本: 17×18cm
丛书名:
单 册:
中图分类: J224 , J22
科图分类:
主题词: 速写--昔阳县--现代--作品集
电子资源:
ISBN:
000 00719nam0 2200241 45
001 1555858384
005 20150131153124.65
010    @dCNY0.30
100    @a19950927d1975 em y0chiy0121 ea
101 0  @achi
102    @aCN@b110000
105    @aa z 000yy
200 10 @a昔阳速写@AXi Yang Su Xie@f昔阳县文化馆等绘@g昔阳社员业余美术编辑组编
210    @a北京@c人民美术出版社@d1975
215    @a42页@d17×18cm
606    @a速写@y昔阳县@z现代@x作品集
690    @aJ224@v3
690    @aJ22@v4
711 02 @a昔阳县文化馆@AXi Yang Xian Wen Hua Guan@4绘
712 02 @a昔阳社员业余美术编辑组@AXi Yang She Yuan Ye Yu Mei Shu Bian Ji Zu@4编
801  0 @aCN@bTSSF@c20150131
801  2 @aCN@bNLC
905    @aZUCC@dJ22@eJY77
    
    昔阳速写/昔阳县文化馆等绘/昔阳社员业余美术编辑组编.-北京:人民美术出版社,1975
    42页;17×18cm
    
    
    ISBN :CNY0.30
    
●
相关链接 在E读中查询图书 在五车中查询图书 在当当中查询图书 在豆瓣中查询图书


正题名:昔阳速写     索取号:J22/JY77         预约/预借

序号 登录号 条形码 馆藏地/架位号 状态 备注
1 7861719   278617196   学院路分馆/ [索取号:J22/JY77] 在馆    
唐山师范学院图书馆 欢迎您!
大连网信软件有限公司© 版权所有